000 00549nam a2200205Ia 4500
003 OSt
005 20250218140843.0
008 210210b1948 xxu||||| |||| 00| 0 eng d
040 _cAL
041 _ahin
082 _a864/7
100 _aBHATNAGAR (Ramratan)
_9200751
110 _bभटनागर रामरतन
_9200752
245 _aHindi kavita:
_bहिंदी कविता
260 _aIllahabad
_bKitab mahal
_c1948
650 _aHindi
_9200753
690 _aHindi Criticism
_9200754
906 _a023544
942 _2ddc
_cBK
999 _c148514
_d148514